Danganronpa 3 Ultimate Quiz *Spoilers* - Statistics

General Stats
  • This quiz has been taken 64 times
  • The average score is 9 of 17
Answer Stats
Character Ultimate % Correct
Kyoko Kirigiri Former Ultimate Detective
87%
Makoto Naegi Former Ultimate Lucky Student
87%
Aoi Asahina Former Ultimate Swimming Pro
78%
Yasuhiro Hagakure Former Ultimate Clairvoyant
69%
Juzo Sakakura Former Ultimate Boxer
63%
Ryota Mitarai Former Ultimate Animator
56%
Daisaku Bandai Former Ultimate Farmer
54%
Chisa Yukizome Former Ultimate Housekeeper
54%
Sonosuke Izayoi Former Ultimate Blacksmith
50%
Seiko Kimura Former Ultimate Pharmacist
50%
Great Gozu Former Ultimate Wrestler
50%
Monaca Towa Former Li'l Ultimate Homeroom
44%
Kyosuke Munakata Former Ultimate Student Council President
44%
Ruruka Ando Former Ultimate Confectioner
41%
Miaya Gekkogahara Former Ultimate Therapist
35%
Koichi Kizakura Former Ultimate Scout
30%
Kazuo Tengan Former Ultimate Director of Hope's Peak
9%
No matching quizzes found
Score Distribution
Percent of People with Each Score
Percentile by Number Answered
Your Score History
You have not taken this quiz